000 00869nmm a2200265 a 4500
001 ocm0001520729
003 TR-IsHL
005 20201028163454.0
008 170206s2016 tu tur
007 cr cn
020 _a9786051830001
035 _a1520729
_b(N$T)
050 0 4 _aBP188.2
_b.K37 2016
090 0 4 _aBP188.2
_b.K37 2016
100 1 _aKapaklıkaya, İbrahim
245 1 0 _aHayat yükü ağırdır: Allah'a tutun
_h[electronic resource] /
_cİbrahim Kapaklıkaya
260 _aİstanbul :
_bNesil Yayınları,
_c2016
300 _a127 p.
650 4 _aFelsefe, Psikoloji ve Din
650 4 _aPhilosophy, Psychology and Religion
650 0 _aAllah
_x İman
650 0 _aGod
_x Faith
650 7 _aRELIGION / Islam / General
_2bisacsh
856 4 0 _uhttp://search.ebscohost.com/login.aspx?direct=true&scope=site&db=e011xww&AN=1520729
999 _c15347
_d15347